00533nam a22001817a 450000500170000001000170001702000230003402000260005703500170008303700240010008200080012410000170013224500320014926000320018127000900021330000250030349000230032820190331162324.0 aB-469366-392 a8173018723c160.00 a9781730187230c160.00 aB-469366-392 aDPLbBlue Berry/Ven a540 aChawla, Anuj aChemistry /cby Anuj Chawla aNew DelhibDreamland c2010 aJ-128, Kirti NagarbNew Delhie110015k011-25106050l011-25438283mdreamland@vsnl.com a63p.bCOL.illc28 cm aKnow About Science